Posledovatel'no-parallel'nyje vyčislenija

Salvato in:
Dettagli Bibliografici
Autore principale: Wallach, V.
Natura: Libro
Lingua:russo
Pubblicazione: Moskva Mir 1985
Edizione:1. izd.
Tags: Aggiungi Tag
Nessun Tag, puoi essere il primo ad aggiungerne!!

MARC

LEADER 00000nam a2200000 4500
001 c024859
005 20221220082126.0
041 0 |a rus 
044 |a RU 
245 1 0 |a Posledovatel'no-parallel'nyje vyčislenija  |c V. Wallach 
250 |a 1. izd. 
264 1 |a Moskva  |b Mir  |c 1985 
300 |a 456 s. 
100 1 |a Wallach, V.